OTAVALO: Weaving, Costume and the Market (Record no. 1560)

000 -LEADER
fixed length control field 00498nam a22001817a 4500
005 - DATE AND TIME OF LATEST TRANSACTION
control field 20210423062649.0
008 - FIXED-LENGTH DATA ELEMENTS--GENERAL INFORMATION
fixed length control field 210219s1987 ||||| |||| 00| 0 eng d
040 ## - CATALOGING SOURCE
Original cataloging agency eng
Transcribing agency DLC
041 ## - LANGUAGE CODE
Language code of text/sound track or separate title eng
080 ## - UNIVERSAL DECIMAL CLASSIFICATION NUMBER
Universal Decimal Classification number 008
Item number M-50
100 ## - MAIN ENTRY--PERSONAL NAME
9 (RLIN) 989
Personal name Meisch, Lynn
245 ## - TITLE STATEMENT
Title OTAVALO: Weaving, Costume and the Market
Statement of responsibility, etc. / by: Ediciones Libri Mundi
260 ## - PUBLICATION, DISTRIBUTION, ETC.
Place of publication, distribution, etc. Quito
Name of publisher, distributor, etc. Ediciones Libri Mundi
Date of publication, distribution, etc. 1987
300 ## - PHYSICAL DESCRIPTION
Extent 189 p.
Other physical details ill.
650 #0 - SUBJECT ADDED ENTRY--TOPICAL TERM
9 (RLIN) 493
Topical term or geographic name entry element Culture
653 ## - INDEX TERM--UNCONTROLLED
Uncontrolled term კულტურა
942 ## - ADDED ENTRY ELEMENTS (KOHA)
Source of classification or shelving scheme
Koha item type Books
Holdings
Withdrawn status Lost status Source of classification or shelving scheme Damaged status Not for loan Permanent location Current location Date acquired Inventory number Total Checkouts Full call number Barcode Date last seen Price effective from Koha item type
          Ken Walker International University Ken Walker International University 02/19/2021 875   008 M-50 875 02/19/2021 02/19/2021 Books

Powered by Koha